Sélection de tuiles : villes des Hauts-de-France - Statistiques

Statistiques générales
  • Ce quiz a été pris 68 fois
  • Le résultat moyen est 29 sur 45
Statistiques - réponses
Question Tuile Select % Correct
Les villes du Nord Lille Oui
96%
Les villes du Pas-de-Calais Saint-Omer Oui
88%
Les villes du Pas-de-Calais Arras Oui
86%
Les villes de la Somme Bapaume Non
86%
Les villes de la Somme Amiens Oui
84%
Les villes du Nord Hazebrouck Oui
84%
Les villes du Nord Poperingue Non
84%
Les villes du Pas-de-Calais Bourbourg Non
82%
Les villes du Nord Saint-Quentin Non
82%
Les villes de l'Oise Ham Non
80%
Les villes du Pas-de-Calais Merville Non
80%
Les villes du Pas-de-Calais Abbeville Non
78%
Les villes de la Somme Abbeville Oui
76%
Les villes de l'Aisne Reims Non
74%
Les villes du Pas-de-Calais Cambrai Non
72%
Les villes de l'Aisne Charleville-Mézières Non
72%
Les villes de l'Oise Beauvais Oui
70%
Les villes de l'Aisne Châlons-en-Champagne Non
70%
Les villes de l'Aisne Saint-Dizier Non
68%
Les villes du Nord Tournai Non
68%
Les villes de l'Oise Cergy Non
66%
Les villes de l'Aisne Compiègne Non
66%
Les villes du Nord Gravelines Oui
66%
Les villes de l'Aisne Laon Oui
66%
Les villes de la Somme Montreuil-sur-Mer Non
66%
Les villes de l'Oise Creil Oui
64%
Les villes de l'Oise Soissons Non
64%
Les villes du Nord Fourmies Oui
62%
Les villes de l'Aisne Saint-Quentin Oui
62%
Les villes de la Somme Albert Oui
60%
Les villes du Nord Bray-Dunes Oui
60%
Les villes de la Somme Le Tréport Non
60%
Les villes de l'Aisne Soissons Oui
60%
Les villes de l'Oise Compiègne Oui
58%
Les villes de l'Oise Neufchâtel-en-Bray Non
58%
Les villes de la Somme Poix-de-Picardie Oui
56%
Les villes du Pas-de-Calais Azincourt Oui
52%
Les villes de l'Aisne Château-Thierry Oui
52%
Les villes de l'Oise Noyon Oui
52%
Les villes du Pas-de-Calais Bapaume Oui
42%
Les villes de l'Oise Clermont Oui
36%
Les villes de la Somme Ham Oui
36%
Les villes du Pas-de-Calais Lumbres Oui
30%
Les villes du Nord Hondschoote Oui
28%
Les villes de la Somme Beauval Oui
18%
Aucun quiz correspondant
Distribution des résultats
% des personnes avec chaque résultat
Percentile par nombre de réponses
Votre historique - résultats
Vous n’avez pas pris ce quiz